The Blind Side of Public Debt Spikes /

What explains public debt spikes since the end of WWII? To answer this question, this paper identifies 179 debt spike episodes from 1945 to 2014 across advanced and developing countries. We find that debt spikes are not rare events and their probability increases with time. We then show that large p...

Fuld beskrivelse

Bibliografiske detaljer
Hovedforfatter: Jaramillo, Laura
Andre forfattere: Kimani, Elijah, Mulas-Granados, Carlos
Format: Tidsskrift
Sprog:English
Udgivet: Washington, D.C. : International Monetary Fund, 2016.
Serier:IMF Working Papers; Working Paper ; No. 2016/202
Online adgang:Full text available on IMF
LEADER 01781cas a2200265 a 4500
001 AALejournalIMF017176
008 230101c9999 xx r poo 0 0eng d
020 |c 5.00 USD 
020 |z 9781475545043 
022 |a 1018-5941 
040 |a BD-DhAAL  |c BD-DhAAL 
100 1 |a Jaramillo, Laura. 
245 1 4 |a The Blind Side of Public Debt Spikes /  |c Laura Jaramillo, Carlos Mulas-Granados, Elijah Kimani. 
264 1 |a Washington, D.C. :  |b International Monetary Fund,  |c 2016. 
300 |a 1 online resource (32 pages) 
490 1 |a IMF Working Papers 
500 |a <strong>Off-Campus Access:</strong> No User ID or Password Required 
500 |a <strong>On-Campus Access:</strong> No User ID or Password Required 
506 |a Electronic access restricted to authorized BRAC University faculty, staff and students 
520 3 |a What explains public debt spikes since the end of WWII? To answer this question, this paper identifies 179 debt spike episodes from 1945 to 2014 across advanced and developing countries. We find that debt spikes are not rare events and their probability increases with time. We then show that large public debt spikes are neither driven by high primary deficits nor by output declines but instead by sizable stock-flow adjustments (SFAs). We also find that SFAs are poorly forecasted, which can affect debt sustainability analyses, and are associated with a higher probability of suffering non-declining debt paths in the aftermath of public debt spikes. 
538 |a Mode of access: Internet 
700 1 |a Kimani, Elijah. 
700 1 |a Mulas-Granados, Carlos. 
830 0 |a IMF Working Papers; Working Paper ;  |v No. 2016/202 
856 4 0 |z Full text available on IMF  |u http://elibrary.imf.org/view/journals/001/2016/202/001.2016.issue-202-en.xml  |z IMF e-Library